000 00535cam a2200181 4500500
005 20260405001916.0
041 _afre
042 _adc
100 1 0 _aLequin, Mathilde
_eauthor
245 0 0 _aEpicure en Corrèze
260 _c2014.
500 _a44
690 _aCorrèze
690 _aMarcel Conche
690 _aMontaigne
786 0 _nPhilosophie magazine | 85 | 12-1 | 2014-12-01 | p. 69-69 | 1951-1787
856 4 1 _uhttps://shs.cairn.info/magazine-philosophie-magazine-2014-12-1-page-69?lang=fr&redirect-ssocas=7080
999 _c2052273
_d2052273